000 00492cam a22002171 4500
001 sa 63002963
003 DLC
005 20260227111938.0
008 890621s1962 ii 000 1 beno
010 _asa 63002963
035 _a(OCoLC)19906525
040 _aDLC
_cWaU
_dDLC
042 _apremarc
050 0 0 _aPK1718.B6
_bB5
100 1 _aBose, Buddhadeva.
245 1 0 _aBiśākhā.
260 _c[1962]
300 _a106 p.
_c23 cm.
500 _aIn Bengali.
500 _aA novel.
999 _c54811
_d54811